| 000 | 00408cam a2200169ua 4500 | ||
|---|---|---|---|
| 020 | _c4.00 | ||
| 041 |
_ahin _h |
||
| 082 |
_a891.43 _b |
||
| 100 | _aCharaya, Chathr . | ||
| 245 |
_aHindi sahitya ka parichaya / _cChathr charaya. _hTextual Documents |
||
| 260 |
_aDelhi : _bRajapal yada sangei , _c1922. |
||
| 300 | _a225 ; . | ||
| 365 | _a4.00 | ||
| 504 | _a | ||
| 942 | _cBK | ||
| 999 |
_c3429 _d3429 |
||